Históricas : boletín de información del Instituto de Investigaciones Históricas de la Universidad Nacional Autónoma de México : mayo-agosto 1980 /
Uno de los propósitos de esta publicación es hablar acerca de las actividades que se realizan en ese centro de investigación; sin embargo los artículos y los resultados de investigaciones no se limitan a ese centro, incluyen a otros espacios educativos. En este número presentan los siguientes artícu...
Shranjeno v:
| Drugi avtorji: | |
|---|---|
| Format: | Knjiga |
| Jezik: | španščina |
| Teme: | |
| Oznake: |
Brez oznak, prvi označite!
|
MARC
| LEADER | 00000nam^a2200000^a^4500 | ||
|---|---|---|---|
| 001 | 000124958 | ||
| 005 | 20250521000000.0 | ||
| 009 | 20260310094632.481 | ||
| 037 | |a Acervo ITESO - Biblioteca | ||
| 041 | |a ESP | ||
| 082 | |a 972. 005 |b HIS 1980 V. 3 | ||
| 240 | 1 | 1 | |a [Boletín de información del Instituto de Investigaciones Históricas] |
| 240 | 1 | 1 | |a [Históricas] |
| 245 | 1 | 0 | |a Históricas : |b boletín de información del Instituto de Investigaciones Históricas de la Universidad Nacional Autónoma de México : mayo-agosto 1980 / |c Dir. R. Moreno de los Arcos. |
| 264 | |a México : |b UNAM, Instituto de Investigaciones Históricas, |c 1980 | ||
| 300 | |a 55 p. | ||
| 336 | |a texto |b txt |2 rdacontenido | ||
| 337 | |a sin mediación |b n |2 rdamedio | ||
| 338 | |a volumen |b nc |2 rdasoporte | ||
| 520 | |a Uno de los propósitos de esta publicación es hablar acerca de las actividades que se realizan en ese centro de investigación; sin embargo los artículos y los resultados de investigaciones no se limitan a ese centro, incluyen a otros espacios educativos. En este número presentan los siguientes artículos: Estructuralismo y marxismo, Problemas del historiador provinciano, y una entrevista con la historiadora Alicia Olivera de Bonfil. | ||
| 649 | |a XX | ||
| 650 | |a México - |x Historia - |x Publicaciones Periódicas | ||
| 650 | |a Historiografía - |z México | ||
| 650 | |a Marxismo | ||
| 650 | |a Estructuralismo | ||
| 650 | |a México - |x Historia | ||
| 650 | |a Historiadores Mexicanos - |x Entrevistas | ||
| 650 | |a Mujeres Mexicanas - |x Entrevistas | ||
| 650 | |a Olivera de Bonfil, Alicia | ||
| 700 | |a Moreno de los Arcos, Roberto |e (dirección) | ||
| 910 | |a Fondo Salvador Reynoso Reynoso | ||
| 920 | |a Impresos - Libros | ||
| 930 | |a Fondos Especiales | ||
| 905 | |a 112 | ||
| 901 | |a 0800007862 |b IT2 |c ESP |u 20250521 | ||
| 902 | |a https://opac.biblio.iteso.mx/vufind/Record/000124958 | ||